000 00429nab a2200145Ia 4500
003 ES-SlBCS
005 20210601132848.0
008 140529s1958 xxu||||| |||| 00| 0 ita d
041 _aita
100 1 _aFaj, Attila
_9199617
245 0 0 _aTensione, distensione e affinità elettive
_c Attila Faj
650 0 4 _aTensión
_9199618
773 0 _tGiornali di Metafisica
_gvol. 13, nº. 5, 1958, págs. 584-605
_w0017-0372
942 _cAR
999 _c586833
_d586833